000 00443nam a2200181Ia 4500
001 24758
005 20260414151104.0
008 260414t2006||||xx |||||||||||||| ||spa||
041 _aESP
082 _a345.733
_bE92
100 _aCam Carranza, Guillermo (comp)
_eAUT
245 0 _aEstudios de actualidad notarial
_b
260 _c2006
300 _a138 páginas :
_c20 cm.
650 _aDER
654 _aCDE
942 _cLIB
_dJUS
_fJUS
_2ddc
_n
999 _c24758
_d24758